000 00310nam a22001337a 4500
008 171218b xxu||||| |||| 00| 0 eng d
020 _a9780781723596
041 _aeng
080 _a61
100 _a3
101 _aSHM
245 _aTHE WASHINGTON MANUAL OF MEDICAL THERAPEUTICS
_cLOUIS.S
942 _2udc
_cBK
999 _c39076
_d39076